000 00453nam a2200181Ia 4500
008 210210b2002 xxu||||| |||| 00| 0 eng d
020 _a037570714X
041 _aeng
082 _a823.914 NAIM
100 _aNAIPAUL (V S)
245 _aMystic masseur
260 _aNew York
_bVintage Books, A Division of Random House, Inc.,
_c2002
300 _avii,207
650 _aMystic
650 _amasseur
690 _aEnglish Fiction
906 _a062677
999 _c129764
_d129764